Normal view
MARC view
Entry Personal Name
001 - CONTROL NUMBER
- control field: 629011
003 - CONTROL NUMBER IDENTIFIER
- control field: OSt
005 - DATE AND TIME OF LATEST TRANSACTION
- control field: 20221005120327.0
008 - FIXED-LENGTH DATA ELEMENTS
- fixed length control field: 221005|| aca||aabn | a|a d
040 ## - CATALOGING SOURCE
- Original cataloging agency: OSt
- Transcribing agency: OSt
100 ## - HEADING--PERSONAL NAME
- Personal name: Cotes Everard
670 ## - SOURCE DATA FOUND
- Source citation: Work cat.: (OSt)1037658: Cotes Everard, Down under with the prince, 1921
